01256nam a22002777a 4500003000400000005001700004008004100021020003000062040003100092050001700123100002400140245012900164260003600293300004700329336002400376337002800400338002500428504005100453650003300504700002800537700003100565942004100596999001900637952015600656952016600812OSt20250127091521.0250127b |||||||| |||| 00| 0 eng d a9781266108334 (paperback) aNUSTbengcNUSTdNUSTerda aHF5548.2 TAD aTaddy, MatteAuthor aModern business analytics :bpractical data science for decision making /cMatt Taddy, Leslie Hendrix and Matthew C Harding. aNew York :bMcGraw Hill,c2023. axxii, 442 pages :bIllustrations ;c28 cm. 2rdamediaatextbtxt 2rdamediaaunmediatedbn 2rdamediaavolumebnc aIncludes bibliographical references and index. vBusiness -- Data processing. aHendrix, LeslieeAuthor aHarding, Matthew CeAuthor 2lcccBOOKShHF5548.2 TADkHFmTADn0 c171190d171190 00102LCC40708NFICaMAINbMAINcGENd2025-01-27ePurchaseg57.00l0oHF5548.2 TADp92004056992r2025-01-27 09:16:38t25/37v57.00w2025-01-27yBOOKS 00102LCC40708NFICaMAINbMAINcGENd2025-01-27ePurchaseg57.00l0oHF5548.2 TADp92004057299r2025-01-27 09:17:37t25/38v57.00w2025-01-27yBOOKSzPurchase